Catálogo
 En Linea

Adobe photoshop : (Registro nro. 39680)

Detalles MARC
000 -CABECERA
campo de control de longitud fija 00652nam a2200205 a 4500
001 - NÚMERO DE CONTROL
campo de control 000040190
005 - FECHA Y HORA DE LA ÚLTIMA TRANSACCIÓN
campo de control 20201002033954.0
008 - DATOS DE LONGITUD FIJA--INFORMACIÓN GENERAL
campo de control de longitud fija 130814s1993 xxua 001 0 spa d
040 ## - FUENTE DE LA CATALOGACIÓN
Centro catalogador/agencia de origen DO-SdBNP
Lengua de catalogación eng
Centro/agencia transcriptor BNPHU
082 ## - NÚMERO DE LA CLASIFICACIÓN DECIMAL DEWEY
Número de clasificación xxxx
Número de documento/Ítem xxxx
100 1# - ENTRADA PRINCIPAL--NOMBRE DE PERSONA
Nombre de persona O'Day, Kate
9 (RLIN) 66459
245 10 - MENCIÓN DE TÍTULO
Título Adobe photoshop :
Resto del título limited edition /
Mención de responsabilidad, etc. Kate O'Day, Judith Walthers von Alten.
260 ## - PUBLICACIÓN, DISTRIBUCIÓN, ETC.
Lugar de publicación, distribución, etc. Estados Unidos :
Nombre del editor, distribuidor, etc. [s.n.],
Fecha de publicación, distribución, etc. [1993].
300 ## - DESCRIPCIÓN FÍSICA
Extensión xiii, 177 p :
Otras características físicas il. ;
Dimensiones 23 cm.
500 ## - NOTA GENERAL
Nota general Includes glossary
500 ## - NOTA GENERAL
Nota general User guide and tutorial
500 ## - NOTA GENERAL
Nota general Version 2.5 for macintosh
590 ## - NOTA LOCAL (RLIN)
Nota local Inventariado, 2019 /LP
700 1# - PUNTO DE ACCESO ADICIONAL--NOMBRE DE PERSONA
Nombre de persona Walthers von Alten, Judith
9 (RLIN) 66460
Existencias
Estado de retiro Estado de pérdida Restricciones de uso No para préstamo Código de colección Localización permanente Ubicación/localización actual Ubicación en estantería Fecha de adquisición Número de inventario Total de préstamos Signatura topográfica completa Código de barras Fecha visto por última vez Precio válido a partir de Tipo de ítem Koha
      Excluido de préstamo Monografías: Libros y Folletos General General Depósito 14.08.2013 LF1   xxxx xxxx 40190-10 25.06.2020 25.06.2020 No se presta

Con tecnología Koha